Nursing Administration (Record no. 1618)

MARC details
000 -LEADER
Fixed length control field 00540nam a2200205Ia 4500
003 - CONTROL NUMBER IDENTIFIER
Control field IIN
005 - DATE AND TIME OF LATEST TRANSACTION
Control field 20240205132650.0
008 - FIXED-LENGTH DATA ELEMENTS--GENERAL INFORMATION
Fixed length control field 231217s9999 xx 000 0 und d
020 ## - INTERNATIONAL STANDARD BOOK NUMBER / ISBN
Price Rs.1250.00
International Standard Book Number 9789351524083
040 ## - CATALOGING SOURCE
Original cataloging agency IIN
Language of cataloging English
082 ## - DEWEY DECIMAL CLASSIFICATION NUMBER
Classification number 610.73068
Book Number BAS
100 1# - MAIN ENTRY--PERSONAL NAME
Personal name Basavanthappa, B.T.
245 1# - TITLE STATEMENT
Title Nursing Administration
Statement of responsibility B.T. Basavanthappa
250 ## - EDITION STATEMENT
Edition statement 3rd ed
260 ## - IMPRINT
Name of publisher Jaypee
Place of publication New Delhi
Date of publication 2014
300 ## - PHYSICAL DESCRIPTION
Page / Vol. No xxiv, 1192p.
650 1# - SUBJECT ADDED ENTRY--TOPICAL TERM
Topical term Management
Form subdivision Nursing
650 1# - SUBJECT ADDED ENTRY--TOPICAL TERM
Topical term Administration
Form subdivision Nursing
942 ## - ADDED ENTRY ELEMENTS (KOHA)
Koha item type Books
Holdings
Withdrawn status Lost status Damaged status Not for loan Collection code Home library Current library Date acquired Price Total Checkouts Call number Accession number Date last seen Price effective from Koha item type Source of classification Shelving location
          IDEAL INSTITUTE OF NURSING IDEAL INSTITUTE OF NURSING 17/12/2023 1250.00   610.73068 BAS 1612 17/12/2023 17/12/2023 Books    
          IDEAL INSTITUTE OF NURSING IDEAL INSTITUTE OF NURSING 17/12/2023 1250.00   610.73068 BAS 1613 17/12/2023 17/12/2023 Books    
          IDEAL INSTITUTE OF NURSING IDEAL INSTITUTE OF NURSING 17/12/2023 1250.00   610.73068 BAS 1614 26/05/2025 17/12/2023 Books    
        Gift Book IDEAL INSTITUTE OF NURSING IDEAL INSTITUTE OF NURSING 03/04/2025     610.73068 BAS 1843 03/04/2025 03/04/2025 Books Dewey Decimal Classification General Stacks
© Ideal Institute Of Nursing, All rights reserved.         Powered by Koha